বৃহৎ বঙ্গ : (Record no. 71092)
[ view plain ]
| 000 -LEADER | |
|---|---|
| fixed length control field | 01092nam a2200253 a 4500 |
| 001 - CONTROL NUMBER | |
| control field | 71092 |
| 003 - CONTROL NUMBER IDENTIFIER | |
| rucl marc code | BD-RjUL |
| 005 - DATE AND TIME OF LATEST TRANSACTION | |
| control field | 20211209082057.0 |
| 008 - FIXED-LENGTH DATA ELEMENTS--GENERAL INFORMATION | |
| fixed length control field | 260417r19931935ii ||||| |||| 00| 0 ben d |
| 020 ## - INTERNATIONAL STANDARD BOOK NUMBER | |
| International Standard Book Number | 8170791863 |
| Terms of availability | : IRs. 400.00 (For Two Volume) |
| 035 ## - SYSTEM CONTROL NUMBER | |
| System control number | (BD-RjUL)71307 |
| 040 ## - CATALOGING SOURCE | |
| Original cataloging agency | BD-RjUL |
| Language of cataloging | ben |
| Transcribing agency | BD-RjUL |
| 041 ## - LANGUAGE CODE | |
| Language code of text/sound track or separate title | ben |
| 082 ## - DEWEY DECIMAL CLASSIFICATION NUMBER | |
| Edition number | 23 |
| Classification number | 954.02 |
| Author mark and year | SEB 1993 |
| 100 1# - MAIN ENTRY--PERSONAL NAME | |
| Personal name | সেন, দীনেশচন্দ্র |
| 9 (RLIN) | 146442 |
| 245 10 - TITLE STATEMENT | |
| Title | বৃহৎ বঙ্গ : |
| Remainder of title | [সুপ্রাচীন কাল হইতে পলাশীর যুদ্ধ পর্য্যন্ত] / |
| Statement of responsibility, etc. | দীনেশচন্দ্র সেন প্রণীত |
| 250 ## - EDITION STATEMENT | |
| Edition statement | দে'জ সং. |
| 260 ## - PUBLICATION, DISTRIBUTION, ETC. (IMPRINT) | |
| Place of publication, distribution, etc. | কলকাতা : |
| Name of publisher, distributor, etc. | দেজ পাবলিশিং, |
| Date of publication, distribution, etc. | ১৯৩৫ [পুনর্মুদ্রণ ১৯৯৩] |
| 300 ## - PHYSICAL DESCRIPTION | |
| Pagination | খন্ড. ; |
| Size | ২০ সেমি |
| 505 1# - FORMATTED CONTENTS NOTE | |
| Formatted contents note | খণ্ড. ১ -- খণ্ড. ২-- |
| 650 ## - SUBJECT ADDED ENTRY--TOPICAL TERM | |
| Topical term or geographic name as entry element | ভারত ( বাংলা ) |
| General subdivision | ইতিহাস |
| 9 (RLIN) | 146443 |
| Topical term or geographic name as entry element | India (Bengal ) |
| General subdivision | History |
| 9 (RLIN) | 146444 |
| 942 ## - ADDED ENTRY ELEMENTS (KOHA) | |
| Source of classification or shelving scheme | Dewey Decimal Classification |
| Koha item type | Books |
| Lost status | Source of classification or shelving scheme | Damaged status | Not for loan | Collection code | Permanent Location | Current Location | Shelving location | Date acquired | Source of acquisition | Cost, normal purchase price | Total Checkouts | Full call number | Date last seen | Copy number | Koha item type |
|---|---|---|---|---|---|---|---|---|---|---|---|---|---|---|---|
| Dewey Decimal Classification | Not For Loan | Non-fiction | Central Library, University of Rajshahi | Central Library, University of Rajshahi | Reading Room | 23/06/1996 | Sagor pablishars | 200.00 | B 954.02 SEB V-2 1993 | 26/04/2017 | C-1 | Books | |||
| Dewey Decimal Classification | Not For Loan | Non-fiction | Central Library, University of Rajshahi | Central Library, University of Rajshahi | Reading Room | 23/07/2005 | Dhaka : High Commission of India | 500.00 | B 954.02 SEB V-1 1935 | 26/08/2021 | C-1 | Books |